L'eleve acteur de sa propre correction
Պահպանված է:
| Հիմնական հեղինակ: | |
|---|---|
| Ձևաչափ: | Գիրք |
| Լեզու: | ֆրանսերեն |
| Հրապարակվել է: |
Rennes
Universite de Rennes
1999
|
| Խորագրեր: | |
| Ցուցիչներ: |
Ավելացրեք ցուցիչ
Չկան պիտակներ, Եղեք առաջինը, ով նշում է այս գրառումը!
|
MARC
| LEADER | 00000nam a2200000 a 4500 | ||
|---|---|---|---|
| 001 | UCM8377 | ||
| 003 | CL-VaPUC | ||
| 005 | 20240705074017.0 | ||
| 008 | 030314e19990000fr |||||||||||||||||fre|d | ||
| 999 | |c 302898 |d 302896 | ||
| 040 | |c Pontificia Universidad Católica de Valparaíso | ||
| 082 | 0 | 4 | |a 510.0712 |b GUZ |2 21 |
| 100 | |a Guzmán Retamal, Ismenia del Carmen |e auteur |9 888218 | ||
| 245 | 1 | 2 | |a L'eleve acteur de sa propre correction |
| 260 | |a Rennes |b Universite de Rennes |c 1999 | ||
| 300 | |a 83 p | ||
| 583 | |a last modification |c 20171220 05:35:20 |k Rodrigo Vera | ||
| 650 | 0 | |a Matemáticas |x Enseñanza |9 875527 | |
| 650 | 0 | |a Álgebra |9 259567 | |
| 650 | 0 | |a Geometría |9 264063 | |
| 942 | |c BK |2 ddc | ||
| 945 | |d 20030314 00:00:00 |a rbrito | ||
| 952 | |0 0 |1 0 |4 0 |6 510_071200000000000_GUZ_1999 |7 0 |8 A |9 363729 |a BIBMAT |b BIBMAT |d 2019-11-21 |i 3713458 |o 510.0712 GUZ 1999 |p 3713458 |r 2025-01-07 |w 2019-11-21 |y BK |k MMA | ||